000 00391nam a2200133Ia 4500
008 100328s9999 xx 000 0 und d
082 _b70655
100 _aकुलकर्णी वृंदा.
245 _a11 बालनाटिका.
260 _bनीहारा.
630 _a11 बालनाटिका.
730 _a11 बालनाटिका.
942 _cBOOK
999 _c556380
_d556377